00000000nam 2200000zi 4500
0019.934081
003CaOODSP
00520250506140502
006m     o  d f      
007cr mn|||||||||
008240216e201405  onca    ob   f000 0 fre d
040 |aCaOODSP|bfre|erda|cCaOODSP
043 |an-cn---
0861 |aH14-515/2014F-PDF
24500|aÉvaluation du Programme des médicaments à usage humain de 1999-2000 à 2011-2012 / |cpréparé par la Direction de l’évaluation Santé Canada et l’Agence de la santé publique du Canada.
264 1|a[Ottawa] : |bSanté Canada et l'Agence de la santé publique du Canada = Health Canada and the Public Health Agency of Canada, |cmai 2014.
300 |a1 ressource en ligne (xvi, 143 pages) : |billustrations
336 |atexte|btxt|2rdacontent/fre
337 |ainformatique|bc|2rdamedia/fre
338 |aressource en ligne|bcr|2rdacarrier/fre
500 |aPublié aussi en anglais sous le titre : Evaluation of the Human Drugs Program 1999-2000 to 2011-2012.
504 |aComprend des références bibliographiques.
61010|aCanada. |bDirection générale des produits de santé et des aliments|xÉvaluation.
61016|aCanada. |bSanté Canada|xÉvaluation.
650 6|aMédicaments|xPolitique gouvernementale|zCanada|xÉvaluation.
7101 |aCanada. |bSanté Canada, |eorganisme de publication.
7102 |aAgence de santé publique du Canada, |eorganisme de publication.
77508|tEvaluation of the Human Drugs Program 1999-2000 to 2011-2012 / |w(CaOODSP)9.932320
85640|qPDF|s894 Ko|uhttps://publications.gc.ca/collections/collection_2024/sc-hc/H14-515-2014-fra.pdf